Statistiques concernant Trouvez le noms de ces symboles du clavier

Cliquez ici pour prendre le quiz!

Statistiques générales

  • Ce quiz a été pris 84 fois
  • Le résultat moyen est 11 sur 15

Statistiques - réponses

Symbole Réponse % Correct
;Point-virgule
100%
?Point d'interrogation
100%
'Apostrophe
96%
"Guillemet
93%
Dièse
91%
£Livre
89%
¨Tréma
80%
*Astérisque
70%
#Croisillon / Hashtag
66%
µMu / Micro
65%
°Degré
64%
&Esperluette
61%
[]Crochet
54%
~Tilde
45%
¤Symbole monétaire
1%

Distribution des résultats

Percentile by Number Answered

% des personnes avec chaque résultat

Votre développement - résultats

Vous n’avez pas pris ce quiz